| 000 | 00638nam a22002057a 4500 | ||
|---|---|---|---|
| 003 | UA-OsUOA | ||
| 001 | 10535 | ||
| 007 | ta | ||
| 008 | 20050131b un ||||| |||| 00| 0 ukr d | ||
| 100 | _aШевчук Валерій | ||
| 942 | _cSA | ||
| 040 |
_aUA-OsUOA _bukr _cUA-OsUOA _dUA-OsUOA |
||
| 245 |
_aПро книгу життя Євгена Чикаленка _bРоздум після перевидання мемуаристики Є. Чикаленка |
||
| 300 | _aС.86-109 | ||
| 955 | _a0 | ||
| 041 | _aukr | ||
| 044 | _aUA | ||
| 773 | 0 |
_w0 _tСучасність _dКиїв _d2005 _g№1 |
|
| 650 | 7 |
_aМемуаристика _2UDC |
|
| 999 |
_c296696 _d296696 |
||